00277nam a2200121Ia 4500008004100000082001700041100002300058245002400081250000900105260002300114300001000137650000800147191201s2007 xx 000 0 und d a005.133bGOS aGOTTFRIED, Byron S 0a Programming with C aRep. aN.DelhibTMHc2007 aMiscl aMCA